LIBRARY & INFORMATION CENTRE, KCAET, TAVANUR

ONLINE PUBLIC ACCESS CATALOGUE (OPAC)

Text book of production technology (Manufacturing processes) / (Record no. 13394)

MARC details
000 -LEADER
fixed length control field 00342cam a2200133ua 4500
020 ## - INTERNATIONAL STANDARD BOOK NUMBER
ISBN 9788121911146
082 ## - DEWEY DECIMAL CLASSIFICATION NUMBER
Classification number 670
Item number SHA/TE
100 ## - MAIN ENTRY--AUTHOR NAME
Personal name Sharma, P.C .
245 ## - TITLE STATEMENT
Title Text book of production technology (Manufacturing processes) /
250 ## - EDITION STATEMENT
Edition statement 6 /
260 ## - PUBLICATION, DISTRIBUTION, ETC. (IMPRINT)
Place of publication New Delhi :
Name of publisher S.Chand and Co ,
Year of publication 2007.
300 ## - PHYSICAL DESCRIPTION
Number of Pages 815 ; .
942 ## - ADDED ENTRY ELEMENTS (KOHA)
Koha item type Books
Holdings
Withdrawn status Lost status Damaged status Home library Current library Date acquired Full call number Accession Number Koha item type Collection code Shelving location Source of acquisition Cost, normal purchase price
      KAUAET KAUAET 07/04/2012 670 22105 Books        
      KAUAET KAUAET 30/03/2013 670 SHA/TE 23748 Books Non-fiction General Stacks Calicut book distributors 425.00
      KAUAET KAUAET 28/07/2016 670 SHA/TE 24760 Books   General Stacks   495.00
free website counter